00479cam a22001457a 4500008004000000082001900040245008100059260002600140300000900166650001300175700001900188700001700207999001900224952009000243180718b1993 xxu||||| |||| 00| 0 eng d aA22:B1x54 So13 aSociological literatures: South Asiacedited by T.K Oommen and P.K. Jayaswal aNew DelhibSLSAc1993 a392p aIndexing aJayaswal, P.K. aOommen, T.K. c353035d353035 00104070aIIPAbIIPAd1993-11-26oA22:B1x54 So13p67194r2018-07-21w2018-07-21yBK